| 000 | 00694nam a2200181 a 4500 | ||
|---|---|---|---|
| 005 | 20210223123209.0 | ||
| 008 | 991125s1983 mx 000 0 spa u | ||
| 035 | _aUPN01000049007 | ||
| 049 | _aCG | ||
| 050 | 4 |
_aLE7.2931 M265 _bU22.199 1983 |
|
| 110 | 2 |
_aUniversidad Autónoma Metropolitana (México). _bUnidad Xochimilco _919993 |
|
| 245 | 1 | 3 |
_aEl proyecto académico de la Universidad Autónoma Metropolitana Xochimilco / _cUniversidad Autónoma Metropolitana, Unidad Xochimilco. |
| 250 | _a2a ed. | ||
| 260 |
_aMéxico : _bUAM-Xochimilco, _c1983. |
||
| 300 | _a111 p. | ||
| 610 | 2 | 4 |
_aUNIVERSIDAD AUTONOMA METROPOLITANA (MEXICO). _bUNIDAD XOCHIMILCO - _xADMINISTRACION _919995 |
| 905 | _aLibro | ||
| 999 |
_c49007 _d49007 |
||